Best Women's Tennis Players - Statistics

General Stats
  • This quiz has been taken 8 times
  • The average score is 9 of 10
Answer Stats
Rank Answer Country % Correct
#1 Aryna Sabalenka Belarus
100%
#3 Coco Gauff United States
100%
#2 Elena Rybakina Kazakhstan
100%
#4 Iga Swiatek Poland
100%
#9 Jasmine Paolini Italy
100%
#5 Jessica Pegula United States
100%
#10 Victoria Mboko Canada
86%
#7 Elina Svitolina Ukraine
71%
#6 Amanda Anisimova United States
57%
#8 Mirra Andreeva Russia
57%
No matching quizzes found
Score Distribution
Percent of People with Each Score
Percentile by Number Answered
Your Score History
You have not taken this quiz